SERVICES MARKETING (Record no. 14251)
[ view plain ]
| 000 -LEADER | |
|---|---|
| fixed length control field | 00285nam a22001457a 4500 |
| 003 - CONTROL NUMBER IDENTIFIER | |
| control field | SGT |
| 020 ## - INTERNATIONAL STANDARD BOOK NUMBER | |
| International Standard Book Number | 658.8 |
| 082 ## - DEWEY DECIMAL CLASSIFICATION NUMBER | |
| Classification number | LOV |
| 100 ## - MAIN ENTRY--PERSONAL NAME | |
| Personal name | LOVELOCK, CHRISOPHER |
| 245 ## - TITLE STATEMENT | |
| Title | SERVICES MARKETING |
| 250 ## - EDITION STATEMENT | |
| Edition statement | 8TH |
| 260 ## - PUBLICATION, DISTRIBUTION, ETC. (IMPRINT) | |
| Place of publication, distribution, etc | PEARSON INDIA |
| Year of Publication | 2017 |
| 300 ## - PAGE DESCRIPTION | |
| No. of Pages | 817 |
| 942 ## - ADDED ENTRY ELEMENTS (KOHA) | |
| Source of classification or shelving scheme | Dewey Decimal Classification |
| Koha item type | Books |
| Withdrawn status | Lost status | Source of classification or shelving scheme | Damaged status | Not for loan | Collection code | Home library | Current library | Shelving location | Date acquired | Vendor Name | Cost, normal purchase price | SGTU | Bill Number | Total Checkouts | Full call number | Accession No. (Barcode) | Date last seen | Date last borrowed | Bill Date | Koha item type |
|---|---|---|---|---|---|---|---|---|---|---|---|---|---|---|---|---|---|---|---|---|
| Dewey Decimal Classification | COMMERCE MANAGEMENT | SGT Science & Social Sciences Library | SGT Science & Social Sciences Library | Text Book | 27/12/2017 | AHUJA BOOKS | 799.00 | SGTU | 9088 | 2 | LOV | CM3871 | 17/03/2021 | 03/03/2021 | 27/12/2017 | Books | ||||
| Dewey Decimal Classification | COMMERCE MANAGEMENT | SGT Science & Social Sciences Library | SGT Science & Social Sciences Library | Text Book | 27/12/2017 | AHUJA BOOKS | 799.00 | SGTU | 9088 | 5 | LOV | CM3872 | 26/07/2022 | 24/02/2021 | 27/12/2017 | Books | ||||
| Dewey Decimal Classification | COMMERCE MANAGEMENT | SGT Science & Social Sciences Library | SGT Science & Social Sciences Library | Text Book | 27/12/2017 | AHUJA BOOKS | 799.00 | SGTU | 9088 | 3 | LOV | CM3873 | 13/03/2021 | 25/02/2021 | 27/12/2017 | Books | ||||
| Dewey Decimal Classification | COMMERCE MANAGEMENT | SGT Science & Social Sciences Library | SGT Science & Social Sciences Library | Text Book | 27/12/2017 | AHUJA BOOKS | 799.00 | SGTU | 9088 | 1 | LOV | CM3874 | 22/03/2021 | 03/03/2021 | 27/12/2017 | Books | ||||
| Dewey Decimal Classification | COMMERCE MANAGEMENT | SGT Science & Social Sciences Library | SGT Science & Social Sciences Library | Text Book | 27/12/2017 | AHUJA BOOKS | 799.00 | SGTU | 9088 | 1 | LOV | CM3875 | 15/03/2021 | 24/02/2021 | 27/12/2017 | Books |